000 00501nam a2200181Ia 4500
008 230711s9999||||xx |||||||||||||| ||und||
020 _a978-81-224-3092-9
041 _aENG
082 _a621.319
_bRA-P
100 _aRamu,T.S
245 0 _aPartial discharge based condition monitoring of high voltage equipment
250 _a1st . Ed.
260 _c2010
_aNew Delhi
_bNew Age International Publishers
300 _a193
650 _aElectrical Engineering
700 _aNagamani,H.N
942 _cBK
999 _c5110
_d5110